Central Library OPAC University of Rajshahi

The sea around us. (Record no. 11500)

MARC details
000 -LEADER
fixed length control field 00772cam a22002531 4500
001 - CONTROL NUMBER
control field 11500
003 - CONTROL NUMBER IDENTIFIER
rucl marc code BD-RjUL
005 - DATE AND TIME OF LATEST TRANSACTION
control field 20211208235133.0
008 - FIXED-LENGTH DATA ELEMENTS--GENERAL INFORMATION
fixed length control field 140127r19501960nyuad b 000 0 eng
035 ## - SYSTEM CONTROL NUMBER
System control number (BD-RjUL)11549
040 ## - CATALOGING SOURCE
Original cataloging agency DLC
Transcribing agency DLC
Modifying agency DLC
-- BD-RjUL
Language of cataloging eng
041 ## - LANGUAGE CODE
Language code of text/sound track or separate title eng
082 00 - DEWEY DECIMAL CLASSIFICATION NUMBER
Classification number 551.46
Author mark and year CAS 1960
100 1# - MAIN ENTRY--PERSONAL NAME
Personal name Carson, Rachel,
Dates associated with a name 1907-1964.
9 (RLIN) 33874
245 14 - TITLE STATEMENT
Title The sea around us.
Statement of responsibility, etc. Drawings by Katherine L. Howe.
260 ## - PUBLICATION, DISTRIBUTION, ETC. (IMPRINT)
Place of publication, distribution, etc. New York :
Name of publisher, distributor, etc. Oxford University Press,
Date of publication, distribution, etc. c1950 [Reprinted 1960].
300 ## - PHYSICAL DESCRIPTION
Pagination 170 p. :
Illustrations illus., charts. ;
Size 22 cm.
504 ## - BIBLIOGRAPHY, ETC. NOTE
Bibliography, etc Includes index.
650 #0 - SUBJECT ADDED ENTRY--TOPICAL TERM
Topical term or geographic name as entry element Oceanography.
9 (RLIN) 35570
700 1# - ADDED ENTRY--PERSONAL NAME
Personal name Longworth, Alice Roosevelt,
Dates associated with a name 1884-1980
Relator term inscriber.
942 ## - ADDED ENTRY ELEMENTS (KOHA)
Source of classification or shelving scheme Dewey Decimal Classification
Koha item type Books
Holdings
Lost status Source of classification or shelving scheme Damaged status Not for loan Permanent Location Current Location Shelving location Date acquired Source of acquisition Total Checkouts Full call number Date last seen Copy number Koha item type
  Dewey Decimal Classification     Central Library, University of Rajshahi Central Library, University of Rajshahi   14/05/1963 Asia foundation   551.46 CAS 1960 27/01/2014 C-4 Books